Disposal of th aluminum plants (Record no. 500375)

000 -LEADER
fixed length control field 00500cam a22001457a 4500
008 - FIXED-LENGTH DATA ELEMENTS--GENERAL INFORMATION
fixed length control field 180718b1952 xxu||||| |||| 00| 0 eng d
082 ## - DEWEY DECIMAL CLASSIFICATION NUMBER
Classification number I5516x73 In8c
100 ## - MAIN ENTRY--PERSONAL NAME
Personal name Stein, Harold
245 ## - TITLE STATEMENT
Title Disposal of th aluminum plants
Statement of responsibility, etc. by Harold Stein
260 ## - PUBLICATION, DISTRIBUTION, ETC.
Place of publication, distribution, etc. New York
Name of publisher, distributor, etc. Polygraphic Company of America
Date of publication, distribution, etc. 1952
300 ## - PHYSICAL DESCRIPTION
Extent 316-361p
440 ## - SERIES STATEMENT/ADDED ENTRY--TITLE
Title OPAC case studies
500 ## - GENERAL NOTE
General note Inter-university case program: cases in public administration and policy formation
650 ## - SUBJECT ADDED ENTRY--TOPICAL TERM
Topical term or geographic name entry element Inter-university case program
Holdings
Withdrawn status Lost status Damaged status Not for loan Permanent Location Current Location Date acquired Full call number Barcode Date last seen Price effective from Koha item type
        Indian Institute of Public Administration Indian Institute of Public Administration 2018-08-04 I5516x73 In8c GR4911 2018-08-04 2018-08-04 GR

Powered by Koha